000
00354 a2200169 4500
001
191974
020
_a
978-85-08-15021-2
040
_c
Magnum
100
_a
Sousa, Cruz e
240
1
0
_a
Antologia poética
_l
por
245
1
0
_a
Antologia poética
300
_a
216
362
0
_a
2012
440
1
_a
Ática
697
_a
LITERATURA GERAL
942
_c
BK
999
_c
191974
_d
191974